| 000 | 00539nam a22001697a 4500 | ||
|---|---|---|---|
| 005 | 20231109122055.0 | ||
| 008 | 231109b |||||||| |||| 00| 0 eng d | ||
| 041 | _aEnglish | ||
| 082 | _a346.2 ELL | ||
| 100 |
_aElliott, RC and Banwell, E _lEnglish |
||
| 245 |
_aThe South African Notary / _cRC Elliott and E, Banwell |
||
| 250 | _aFourth Edition | ||
| 260 |
_aCape Town : _bJuta and Company Ltd, _c1969 |
||
| 300 |
_bxviii, 329 pages ; _c25,5 cm. |
||
| 650 |
_aLegal practice _bLaw |
||
| 942 |
_cBK _6ALISON_BN_VRIES |
||
| 999 |
_c474 _d474 |
||